Fintech, regtech y legaltech (Registro nro. 317765)
[ vista simple ]
| 000 -ENCABEZADO | |
|---|---|
| Número de control [NR] | 01536nam a2200385 c 4500 |
| 005 - FECHA Y HORA DE LA ÚLTIMA TRANSACCIÓN | |
| control field | 20200917094854.0 |
| 008 - DE LONGITUD FIJA DE DATOS DE ELEMENTOS - INFORMACIÓN GENERAL | |
| Elementos de longitud fija [NR] | 200917s2020 sp |||gr|||| 00| 0 spa d |
| 020 ## - NUMERO INTERNACIONAL NORMALIZADO PARA LIBROS [R] | |
| Número Internacional Normalizado del libro [NR] | 9788413363202 |
| 040 ## - FUENTE DE CATALOGACION [NR] | |
| Agencia de catalogación original [NR] | CO-BoUCM |
| Idioma de catalogación [NR] | spa |
| Quien Cataloga | Deissy Garcia |
| Quien Clasifica | Deissy Garcia |
| 041 0# - CODIGO DE IDIOMA [R] | |
| Código de idioma para texto/pista de sonido o título separado [R] | Español |
| 245 00 - MENCION DE TITULO [NR] | |
| Título [NR] | Fintech, regtech y legaltech |
| Parte restante del título [NR] | fundamentos y desafíos regulatorios |
| Mención de responsabilidad, etc. [NR] | dirección Aurelio Gurrea Martínez, Nidia Remolina ; Werner Bijkerk, Emanuel Cedeño Brea [...y otros 10] |
| 260 ## - PUBLICACION, DISTRIBUCION, ETC. (PIE DE IMPRENTA) [R] | |
| Nombre del editor, distribuidor, etc. [R] | Tirant lo Blanch |
| Lugar de publicación, distribución, etc. [R] | Valencia (España) |
| Fecha de publicación, distribución, etc. [R] | 2020 |
| 300 ## - DESCRIPCION FISICA [R] | |
| Extensión [R] | 494 páginas |
| 504 ## - NOTA DE BIBLIOGRAFIA, ETC. [R] | |
| Nota de bibliografía, etc. [NR] | Incluye referencias bibliográficas |
| 650 ## - ASIENTO SECUNDARIO DE MATERIA - TERMINO TEMATICO [R] | |
| Término temático o nombre geográfico como elemento de entrada [NR] | Tecnología y derecho |
| 9 (RLIN) | 25149 |
| 650 ## - ASIENTO SECUNDARIO DE MATERIA - TERMINO TEMATICO [R] | |
| Término temático o nombre geográfico como elemento de entrada [NR] | Industria de servicios financieros |
| Subdivisión general [R] | Legislación |
| 9 (RLIN) | 101074 |
| 650 ## - ASIENTO SECUNDARIO DE MATERIA - TERMINO TEMATICO [R] | |
| Término temático o nombre geográfico como elemento de entrada [NR] | Bancos |
| Subdivisión general [R] | Innovaciones tecnológicas |
| 9 (RLIN) | 101075 |
| 650 ## - ASIENTO SECUNDARIO DE MATERIA - TERMINO TEMATICO [R] | |
| Término temático o nombre geográfico como elemento de entrada [NR] | Derecho bancario |
| 9 (RLIN) | 12708 |
| 700 1# - ASIENTO SECUNDARIO - NOMBRE PERSONAL [R] | |
| 9 (RLIN) | 101060 |
| Nombre personal [NR] | Gurrea Martínez, Aurelio |
| 700 1# - ASIENTO SECUNDARIO - NOMBRE PERSONAL [R] | |
| 9 (RLIN) | 101061 |
| Nombre personal [NR] | Remolina, Nidia |
| 700 1# - ASIENTO SECUNDARIO - NOMBRE PERSONAL [R] | |
| 9 (RLIN) | 101062 |
| Nombre personal [NR] | Bijkerk, Werner |
| 700 1# - ASIENTO SECUNDARIO - NOMBRE PERSONAL [R] | |
| 9 (RLIN) | 101063 |
| Nombre personal [NR] | Cedeño Brea, Emanuel |
| 700 1# - ASIENTO SECUNDARIO - NOMBRE PERSONAL [R] | |
| 9 (RLIN) | 101064 |
| Nombre personal [NR] | Delgaldo de Molina Ruis, Alfonso |
| 700 1# - ASIENTO SECUNDARIO - NOMBRE PERSONAL [R] | |
| 9 (RLIN) | 101065 |
| Nombre personal [NR] | García Gil, Vicente |
| 700 1# - ASIENTO SECUNDARIO - NOMBRE PERSONAL [R] | |
| 9 (RLIN) | 101066 |
| Nombre personal [NR] | Moreno Lorente, Luis Enrique |
| 700 1# - ASIENTO SECUNDARIO - NOMBRE PERSONAL [R] | |
| 9 (RLIN) | 101067 |
| Nombre personal [NR] | Oliva León, Ricardo |
| 700 1# - ASIENTO SECUNDARIO - NOMBRE PERSONAL [R] | |
| 9 (RLIN) | 101068 |
| Nombre personal [NR] | Palomo, Ricardo |
| 700 1# - ASIENTO SECUNDARIO - NOMBRE PERSONAL [R] | |
| 9 (RLIN) | 101069 |
| Nombre personal [NR] | Pérez-Chirinos, César |
| 700 1# - ASIENTO SECUNDARIO - NOMBRE PERSONAL [R] | |
| 9 (RLIN) | 101070 |
| Nombre personal [NR] | Sánchez del Campo, Alejandro |
| 700 1# - ASIENTO SECUNDARIO - NOMBRE PERSONAL [R] | |
| 9 (RLIN) | 101071 |
| Nombre personal [NR] | Sanz Bayón, Pablo |
| 700 1# - ASIENTO SECUNDARIO - NOMBRE PERSONAL [R] | |
| 9 (RLIN) | 101072 |
| Nombre personal [NR] | Torres García, Ricardo |
| 700 1# - ASIENTO SECUNDARIO - NOMBRE PERSONAL [R] | |
| 9 (RLIN) | 101073 |
| Nombre personal [NR] | Zunzunegui, Fernando |
| 942 ## - ELEMENTOS DE ENTRADA AGREGADOS (KOHA) | |
| Tipo de ítem principal el descrito en 300a | Libro |
| Título oculto en OPAC | No |
| Sistema de clasificación | LOCAL |
| Tema principal | Derecho |
| Edición | 1 |
| Clasificación | 340.0285 |
| Parte restante de la signatura top. | F516 |
| Fecha de último préstamo | Total préstamos | Total Renewals | Signatura topográfica | Código de barras | Última vez visto | Ejemplar | Costo de reposición | Price effective from | Tipo de ítem | Perdido | Sistema de clasificación | Dañado | No prestable | Tipo de ítem específico | Suprimido | Ubicación habitual | Ubicación actual | Localización | Fecha de creación | Proveedor | Forma de adquisición | Costo |
|---|---|---|---|---|---|---|---|---|---|---|---|---|---|---|---|---|---|---|---|---|---|---|
| 29/09/2025 | 6 | 4 | 340.0285 F516 | 100166579 | 03/12/2025 | Ej.1 | 382674.00 | 12/08/2020 | Libro | DEWEY | Libro | Claustro | Claustro | 3er piso | 12/08/2020 | 156 | Compra | 382674.00 |